000 00279nam a2200097Ia 4500
082 _a368 VANG
245 0 _aUkuvuka kwam ekufeni
100 _a NGENELWA, Thembelani Cape Town, South Africa, 2008 1st ed
_980876
942 _cBK
008 210817s9999 xx 000 0 und d
999 _c285555
_d285554